Récits des temps mérovingiens (Record no. 166256)
[ view plain ]
| 000 -LEADER | |
|---|---|
| campo de control de longitud fija | 00829nam a22002295i 4500 |
| 001 - NÚMERO DE CONTROL | |
| campo de control | 166256 |
| 003 - IDENTIFICADOR DE NÚMERO DE CONTROL | |
| campo de control | ES-MaACL |
| 005 - FECHA Y HORA DE LA ÚLTIMA TRANSACCIÓN | |
| campo de control | 20250808063159.0 |
| 008 - DATOS DE LONGITUD FIJA--INFORMACIÓN GENERAL | |
| campo de control de longitud fija | 050912s1859 fr | |||||||| ||fre d |
| 040 ## - FUENTE DE CATALOGACIÓN | |
| Centro catalogador/agencia de origen | CAM |
| Lengua de catalogación | spa |
| Centro/agencia transcriptor | CAM |
| 100 1# - ENTRADA PRINCIPAL--NOMBRE DE PERSONA | |
| Nombre de persona | Thierry, Augustin, |
| Fechas asociadas al nombre | 1795-1856 |
| 9 (RLIN) | 133216 |
| 245 10 - MENCIÓN DEL TÍTULO | |
| Título | Récits des temps mérovingiens |
| Resto del título | : précédés de considérations sur l'histoire de France / |
| Mención de responsabilidad, etc. | par Augustin Thierry. |
| 250 ## - MENCION DE EDICION | |
| Mención de edición | 6e éd. rev. et corr. |
| 260 ## - PUBLICACIÓN, DISTRIBUCIÓN, ETC. | |
| Lugar de publicación, distribución, etc. | Paris : |
| Nombre del editor, distribuidor, etc. | Furne et c\pe\s éditeurs, |
| Fecha de publicación, distribución, etc. | 1859 ( |
| Fabricante | Imprimerie J. Claye) |
| 300 ## - DESCRIPCIÓN FÍSICA | |
| Extensión | 2 v. (347; 355 p.) ; |
| Dimensiones | 18 cm. |
| 490 1# - MENCIÓN DE SERIE | |
| Mención de serie | Augustin Thierry ; |
| Designación de volumen o secuencia | 7; 8 |
| 650 #4 - PUNTO DE ACCESO ADICIONAL DE MATERIA--TÉRMINO DE MATERIA | |
| Término de materia o nombre geográfico como elemento de entrada | Merovingios. |
| 9 (RLIN) | 136489 |
| 651 #4 - PUNTO DE ACCESO ADICIONAL DE MATERIA--NOMBRE GEOGRÁFICO | |
| Nombre geográfico | Francia- |
| Subdivisión general | Historia |
| 9 (RLIN) | 8679 |
| 830 00 - PUNTO DE ACCESO ADICIONAL DE SERIE-TÍTULO UNIFORME | |
| Título uniforme | Augustin Thierry |
| Designación de volumen o secuencia | 7; 8 |
| 9 (RLIN) | 188614 |
| 852 ## - LOCALIZACIÓN | |
| Ubicación | ES-MaACL |
| Número de control de estantería | F-9288-9289 |
| Nota libre | -- Enc. hol. |
| Estatus retirado | Estado de pérdida | Estado de daño | No para préstamo | Colección | Biblioteca de origen | Biblioteca actual | Ubicación en estantería | Fecha de adquisición | Fuente de adquisición | Total de préstamos | Signatura topográfica completa | Código de barras | Visto por última vez | Precio de reemplazo | Tipo de ítem Koha |
|---|---|---|---|---|---|---|---|---|---|---|---|---|---|---|---|
| Libros del s. XIX | Biblioteca del Ateneo de Madrid | Biblioteca del Ateneo de Madrid | Sala Pecera Planta 2 | 17/01/2008 | F-9288-9289 | 1174357 | 23/02/2023 | 23/02/2023 | Libro impreso antiguo |
